| 000 | 00335nam a2200121 a 4500 | ||
|---|---|---|---|
| 001 | 000002495 | ||
| 005 | 20200929150211.0 | ||
| 008 | 090702s1997 000 spa d | ||
| 020 | _a848938410X | ||
| 245 | 3 | _aEl laberinto de los libros : historia cultural de la Barcelona del Quinientos. | |
| 260 |
_aMadrid, _c1997. |
||
| 999 |
_c2331 _d2331 |
||
| 040 | _aDO-SdBNP | ||